000 00622nam a2200229Ia 4500
003 OSt
005 20221006164543.0
006 a|||||r|||| 00| 0
007 ta
008 221006b |||||||| |||| 00| 0 hin d
024 _a5,329
037 _cTextual
040 _aFML
_cFML
_bhin
041 _2hin
_ahin
082 _a(:f)ObW, M8
100 _aVerma M. L. Au.
_9677756
245 0 _aRajniti Vigyan Main Anusandhaan Pravidhi
260 _aJaipur
_bRajasthan Hindi Granth Acadmy India
_c1988
300 _a368
_ccm.
942 _h(:f)ObW, M8
_cTEXL
_2CC
999 _c1117641
_d1117641